000 00686nam a2200253Ia 4500
003 OSt
005 20220918184829.0
006 a|||||r|||| 00| 0
007 ta
008 220917b |||||||| |||| 00| 0 eng d
024 _a48,266
037 _cTextual
040 _aARTS
_cARTS
_beng
041 _2eng
_aeng
082 _aP:3y7, M3
100 _aBorer Hagit
_966773
245 0 _aParametric syntax
_b case studies in semitic and Roman languages
260 _aDordrecht
_bForis
_c1983
300 _a260p.
_ccm.
490 _aStudies in generative grammar
650 _aLINGUISTICS
942 _hP:3y7, M3
_cTEXL
_2CC
999 _c177936
_d177936